| 000 | 00587cab a2200193 4500 | ||
|---|---|---|---|
| 001 | ABS39034 | ||
| 008 | 090401t1988 xxu||||| |||| 00| 0 eng d | ||
| 035 | _a(Sirsi) u13934 | ||
| 041 | _aeng | ||
| 100 | _aBill, P. | ||
| 245 | _aWe`re talking Turkey | ||
| 260 | _c1988 | ||
| 350 | _a0 | ||
| 490 |
_aBuilding _v253(7542) 8 April 1988, 43-47(5) |
||
| 520 | _aA review of the market in Turkey for UK consultants and contractors, financing, contractors` relationships and major companies involved. | ||
| 690 | _aBUILDING AND CONSTRUCTION-OVERSEAS | ||
| 942 | _n0 | ||
| 948 | _c04/03/1997 | ||
| 999 |
_c9005 _d9005 |
||